000 00300nam a22001337a 4500
008 170519b xxu||||| |||| 00| 0 eng d
020 _a9780807822227
041 _aeng
080 _a94
100 _a16
101 _aSHH
245 _aRECONSTRUCTING THE HOUSEHOLD
_cBARDAGLIO,P.W
942 _2udc
_cBK
999 _c13479
_d13479